Open Data Biblioteca Nacional de Portugal


República Portuguesa: Ministério da Cultura
Biblioteca Nacional de Portugal

Catálogo da BNP: acesso por Identificadores Unívocos
Registos Bibliográficos associados ao registo de autoridade

Etiqueta de registo: 00725cam 2200253 450
001 703643
003 http://id.bnportugal.gov.pt/bib/catbnp/703643
005 20010828171600.0
010 ## $a2-13-047146-3
095 ## $aPTBN00917344
100 ## $a19970814d1995 m y0pory0103 ba
101 0# $afre
102 ## $aFR
106 ## $ar
200 1# $aDieu et les créatures selon Thomas d'Aquin
205 ## $a1ère éd
210 #9 $aParis$cPresses Universitaires de France,$d1995
215 ## $a126 p.
225 2# $aPhilosophies,$x0766-1938$v61
675 ## $a23 Tomás de Aquino, Santo$vBNxzpor$3595864
700 #1 $aRenault,$bLaurence$3261018
702 #0 $aTomás de Aquino,$cSanto,$f1225-1274,$cO.P.$4100$320917
801 #0 $aPT$bBN$gRPC
966 ## $lBN$mFGMON$sR. 39760 P.$x5
997 ## $aBIBEOD

OpendataBNP@bnportugal.pt | Mais informação sobre acesso aos dados BNP